000 00314 a2200145 4500
001 57781
020 _a8510317658
040 _cAnchieta - Pituba
100 _aKatkov, Norman
240 1 0 _aSangue e orquídeas
_lpor
245 1 0 _aSangue e orquídeas
300 _a442
650 4 _aFicção inglesa
942 _cBK
999 _c57781
_d57781